000
00450nam a2200169Ia 4500
008
090711s9999 xx 000 0 und d
082
_b
1105
100
_a
नाईक वा. गो.
245
_a
राम - रहीम
260
_c
1954
300
_a
32
600
_a
नाईक वा. गो.
630
_a
राम - रहीम
700
_a
नाईक वा. गो.
730
_a
राम - रहीम
942
_c
BOOK
999
_c
321747
_d
321747